Οδηγός νηπιαγωγού : εκπαιδευτικοί σχεδιασμοί, δημιουργικά περιβάλλοντα μάθησης
Αποθηκεύτηκε σε:
| Κύριος συγγραφέας: | |
|---|---|
| Συγγραφή απο Οργανισμό/Αρχή: | |
| Άλλοι συγγραφείς: | , |
| Μορφή: | Βιβλίο |
| Γλώσσα: | Greek |
| Δημοσίευση: |
Αθήνα :
Οργανισμός Εκδόσεως Διδακτικών Βιβλίων,
[2006]
|
| Θέματα: | |
| Ετικέτες: |
Προσθήκη ετικέτας
Δεν υπάρχουν, Καταχωρήστε ετικέτα πρώτοι!
|
MARC
| LEADER | 00000cam a2200000 i 4500 | ||
|---|---|---|---|
| 001 | 1/35680 | ||
| 008 | 061018s2006 gre d | ||
| 020 | |a 960-06-1886-0 | ||
| 035 | |l 10085616 | ||
| 040 | |a GR-MY-UA |b gre |e aacr | ||
| 041 | 0 | |a gre | |
| 082 | 0 | |a 372.218 |2 (22) | |
| 100 | 1 | |a Κορτέση-Δαφέρμου, Χαρά. | |
| 245 | 1 | 0 | |a Οδηγός νηπιαγωγού : |b εκπαιδευτικοί σχεδιασμοί, δημιουργικά περιβάλλοντα μάθησης / |c Χαρά Δαφερμού, Πηνελόπη Κουλούρη, Ελευθερία Μπασαγιάννη ; Υπουργείο Εθνικής Παιδείας και Θρησκευμάτων. Παιδαγωγικό Ινστιτούτο |
| 260 | |a Αθήνα : |b Οργανισμός Εκδόσεως Διδακτικών Βιβλίων, |c [2006] | ||
| 300 | |a 431 σ.; |c 24 εκ. | ||
| 650 | 0 | 0 | |a Kindergarten |x Methods and manuals. |
| 650 | 0 | 0 | |a Kindergarten |x Activity programs. |
| 650 | 0 | 0 | |a Educational planning |x Handbooks, manuals, etc. |
| 650 | 0 | 0 | |a Education, Preschool. |
| 700 | 1 | |a Κουλούρη, Πηνελόπη. | |
| 700 | 1 | |a Μπασαγιάννη, Ελευθερία. | |
| 710 | 2 | |a Παιδαγωγικό Ινστιτούτο. | |
| 852 | |a INST |b CHIOS |e 20180403 |h 372.218 ΚΟΡ |p 005200038204 |q 005200038204 |t BK |y 0 | ||
| 852 | |a INST |b RHODES |e 20061018 |h 372.218 ΚΟΡ |p 005400024040 |q 005400024040 |t BK |y 0 | ||
| 852 | |a INST |b RHODES |e 20061018 |h 372.218 ΚΟΡ |p 005400024041 |q 005400024041 |t BK |y 0 | ||
| 852 | |a INST |b RHODES |e 20061018 |h 372.218 ΚΟΡ |p 005400024042 |q 005400024042 |t BK |y 0 | ||
| 852 | |a INST |b RHODES |e 20061018 |h 372.218 ΚΟΡ |p 005400024043 |q 005400024043 |t BK |y 0 | ||
| 901 | |a BIBL4-2006-3 | ||
| 909 | |a Ρ |b 127098 | ||
| 909 | |a Ρ |b 127097 | ||
| 909 | |a Ρ |b 127096 | ||
| 909 | |a Ρ |b 127095 | ||
| 970 | |a ΚΟΖΑ |b ΜΑΡΙΑ |z 2006/10/18 | ||